| Tag |
First Indicator |
Second Indicator |
Subfields |
| LEADER |
00000cam a2200000 4500 |
| 001 |
in00000061417 |
| 005 |
20151007082737.0 |
| 008 |
720822s1963 eng u |
| 010 |
|
|
|a 62020248
|
| 035 |
|
|
|a (OCoLC)00386895
|
| 035 |
|
|
|9 AAF8344AM
|
| 040 |
|
|
|c WSU
|d TXA
|d UtOrBLW
|
| 049 |
|
|
|a TXAM
|c [355400]
|
| 050 |
|
0 |
|a BX7747
|b .J3
|
| 090 |
|
|
|a BX7747
|b .J3 1963
|
| 092 |
|
|
|a 289.6
|b J29p
|
| 100 |
1 |
|
|a James, Sydney V.,
|d 1929-1993.
|
| 245 |
1 |
2 |
|a A people among peoples.
|
| 264 |
|
1 |
|a Cambridge :
|b Harvard University Press,
|c 1963.
|
| 300 |
|
|
|a xv, 405 pages
|
| 336 |
|
|
|a text
|b txt
|2 rdacontent
|
| 337 |
|
|
|a unmediated
|b n
|2 rdamedia
|
| 338 |
|
|
|a volume
|b nc
|2 rdacarrier
|
| 504 |
|
|
|a Bibliographical references included in "Sources" and "Notes" (pages 337-397).
|
| 650 |
2 |
0 |
|a Society of Friends
|x Charities.
|
| 740 |
0 |
|
|a Quaker benevolence in eighteenth-century America.
|
| 999 |
|
|
|a MARS
|
| 999 |
f |
f |
|s 798fcd98-0804-3456-b205-717952193136
|i 4c415434-8838-38ea-927a-cb1e39d9afe0
|t 0
|
| 952 |
f |
f |
|p ric
|a Texas A&M University
|b Rellis Campus
|c Joint Library Facility
|d Remote Storage
|t 0
|e BX7747 .J3 1963
|h Library of Congress classification
|i unmediated -- volume
|m A14800625988
|
| 998 |
f |
f |
|a BX7747 .J3 1963
|t 0
|l Remote Storage
|